Public Economics and Administration 2019 Book of Abstracts of the 13th International Scientific Conference, September 2019, (Ostrava, Czech Republic)
Salvato in:
| Enti autori: | , |
|---|---|
| Altri autori: | |
| Natura: | Libro |
| Lingua: | inglese |
| Pubblicazione: |
Ostrava
VSB -Technical University of Ostrava
2019
|
| Edizione: | 1st Edition |
| Soggetti: | |
| Tags: |
Nessun Tag, puoi essere il primo ad aggiungerne!!
|
MARC
| LEADER | 00000nam a2200000 4500 | ||
|---|---|---|---|
| 001 | 0258859 | ||
| 005 | 20240221111437.9 | ||
| 020 | |a 978-80-248-4330-8 | ||
| 041 | 0 | |a eng | |
| 044 | |a CZ | ||
| 245 | 1 | 0 | |a Public Economics and Administration 2019 |b Book of Abstracts of the 13th International Scientific Conference, September 2019, (Ostrava, Czech Republic) |c Editor: Ivana Vaňková |
| 250 | |a 1st Edition | ||
| 264 | 1 | |a Ostrava |b VSB -Technical University of Ostrava |c 2019 | |
| 300 | |a [31 s.] | ||
| 610 | 2 | 0 | |a vzťahy s verejnosťou |
| 610 | 2 | 0 | |a správa verejná |
| 610 | 2 | 0 | |a administratíva |
| 610 | 2 | 0 | |a správa miestna |
| 610 | 2 | 0 | |a starostlivosť zdravotná |
| 610 | 2 | 0 | |a služby sociálne |
| 610 | 2 | 0 | |a školstvo |
| 610 | 2 | 0 | |a doprava |
| 610 | 2 | 0 | |a legislatíva |
| 610 | 2 | 0 | |a dane |
| 610 | 2 | 0 | |a Česko |
| 610 | 2 | 0 | |a Slovensko |
| 610 | 2 | 0 | |a Európska únia |
| 700 | 1 | |a Vaňková, Ivana | |
| 110 | 2 | |a Public Economics and Administration 2019. International Scientific Conference | |
| 710 | 2 | |a Vysoká škola báňská – Technická univerzita Ostrava. Ekonomická fakulta | |